Narnia: Mr. Beaver's Rhyme about Aslan Quiz Stats

 Plays Quiz not verified by Sporcle

Challenge
Share
Tweet
Embed
Score 0/40 Timer 06:00
0 Plays Today
Words % Correct
when
91.8%
When
91.8%
when
91.8%
the
86.5%
And
86.5%
Aslan
85.6%
he
72.6%
he
72.6%
we
72.1%
his
71.2%
his
71.2%
his
71.2%
be
69.7%
be
69.7%
again
69.7%
winter
69.2%
spring
68.8%
will
67.8%
will
67.8%
mane
66.8%
Words % Correct
shakes
66.3%
have
66.3%
shall
65.9%
in
59.1%
its
58.2%
comes
57.7%
teeth
53.8%
death
53.8%
meets
51.9%
roar
51%
of
49.5%
bares
47.6%
At
47.1%
no
46.2%
more
45.2%
right
44.2%
sight
44.2%
sound
42.3%
Wrong
40.4%
sorrows
30.3%

You're not logged in!

Compare scores with friends on all Sporcle quizzes.
Join for Free
OR
Log In

You Might Also Like...

Show Comments

Extras

Top Quizzes Today


Score Distribution

Your Account Isn't Verified!

In order to create a playlist on Sporcle, you need to verify the email address you used during registration. Go to your Sporcle Settings to finish the process.

Report this User

Report this user for behavior that violates our Community Guidelines.

Details: